| 000 | 00495nam a22001817a 4500 | ||
|---|---|---|---|
| 003 | LK-CoDNM | ||
| 005 | 20250110114948.0 | ||
| 008 | 250110b |||||||| |||| 00| 0 eng d | ||
| 040 |
_aLK-CoDNM _dLK-CoDNM _eLK-CoDNM |
||
| 041 | _aeng | ||
| 080 |
_a5 _bO1 |
||
| 100 | _aKeeble Frederick | ||
| 245 | _aThe Bionomics Of Convoluta Roscoffensis, With Special Reference To Its Green Cells. | ||
| 260 | _bUniversity College | ||
| 300 | _a431p. : ill , 24 cm | ||
| 650 | _aScience | ||
| 942 | _cBK | ||
| 999 |
_c235906 _d235906 |
||